000 00244nam a2200097Ia 4500
001 719753
005 20250826163049.0
008 250824s9999 xx 000 0 und d
245 0 _aAH ŞU UZAYLILAR
_cCANAN TAN
260 _bALTIN KİTAPLAR YAYINLARI
999 _c719753
_d719753